000
00221nam a22000977a 4500
999
_c
16078
_d
16078
003
OSt
008
191029b ||||| |||| 00| 0 eng d
100
_a
Annie,Thayyil
_9
4528
245
_a
Punya manushya prakrutham
942
_c
BK